00686nam a2200133 4500008001400000082001900014100002300033245001900056260006400075300003300139505028500172600007900457700001600536708.972 L864p a708.972bL864p aLópez, Miguel A. aPulso alterado aMéxicobMuseo Universitario de Arte Contemporáneoc2013 a56 p.bill (col)c22 x 16 cm tPulso alterado. Intensidades en la Colección del MUAC y sus Colecciones asociadasrMiguel A. López, Sol HenarotCuerpos fallidos, trance, enfermedad y deseo socialrMiguel A. LópeztÁnimos, pronunciamientos y pulsiones anti-somníferasrSol HenarotCatálogotCréditos xarte contemporáneoxarte - exhibicionesxMéxicoxMUAC - UNAMxsiglo XX aHenaro, Sol